| 000 | 00526nam a2200181Ia 4500 | ||
|---|---|---|---|
| 999 |
_c11224 _d11224 |
||
| 003 | OSt | ||
| 005 | 20191217101912.0 | ||
| 008 | 190216s9999||||xx |||||||||||||| ||und|| | ||
| 020 | _a9788121902984 | ||
| 040 | _coclc | ||
| 082 |
_a338.954 _bDAT/I |
||
| 100 |
_a Datt, Gaurav _9503 |
||
| 245 | 0 |
_aIndian Economy / _c Gaurav Datt / Ashwani Mahajan |
|
| 260 |
_bS. Chand & Company, _c2013. _aNew Delhi: |
||
| 300 | _a1036p | ||
| 650 | _aIndian Economy | ||
| 942 |
_cBK _2ddc _h338.954 _iDAT/I _k338.954 _mDAT/I |
||